000 00489nam a22001932 4500
001 0000002744
005 20151217151904.0
008 070419s xx 000 0 eng d
020 _a9966460829 :
040 _aKABU
_cKABU
050 0 _aPR9379.9
_b.D4M86
100 1 _aDe Graft, Joe.
_@0000152250
245 1 0 _aMuntu :
_ba play.
260 _aNairobi :
_bEAEP,
_c1997.
300 _a90 p.
908 _a070419
950 _@1
999 _c6001
_d6001